Score 0/20 Timer 04:00
0 Plays Today
Title Word % Correct
Can’t Get You Off My ____Mind
95.8%
Can’t Take My ____ Off YouEyes
94.3%
Got My Mind Set on ___You
92.8%
Heaven Is a _____ on EarthPlace
91.6%
On ___ of the WorldTop
89%
Better Off ____Dead
88%
Smoke on the _____Water
86.6%
Back on the Chain ____Gang
86%
I Put a _____ on YouSpell
79.8%
____ on the RunBand
78.6%
Title Word % Correct
The ____ Goes OnBeat
75.5%
_____ It OffShake
75%
____ on MeLean
68.7%
Get Off of My _____Cloud
68.1%
Stop the _____ I Wanna Get Off with YouWorld
63.4%
Take a ____ OffLoad
59.2%
Off the ____Wall
58.1%
Off to the _____Races
57%
Walking on the ____Moon
54.8%
Dirt Off Your ____Shoulder
35.3%

Today's Daily Dose

Remove Ads.
Support Sporcle.
Get the best of Sporcle when you Go Orange. This ad-free experience offers more features, more stats, and more fun while also helping to support Sporcle. Thank you for becoming a member.

You're not logged in!

Compare scores with friends on all Sporcle quizzes.
OR
Log In

Show Comments

Extras

Top Quizzes Today


Score Distribution

Your Account Isn't Verified!

In order to create a playlist on Sporcle, you need to verify the email address you used during registration. Go to your Sporcle Settings to finish the process.

Report this User

Report this user for behavior that violates our Community Guidelines.

Details: